Capítulo de história colonial (Record no. 194791)

MARC details
000 -LÍDER
campo de controle de tamanho fixo 00315 a2200133 4500
001 - NÚMERO DE CONTROLE
campo de controle 194791
040 ## - FONTE DA CATALOGAÇÃO
Instituição que transcreveu o registro Magnum
100 ## - ENTRADA PRINCIPAL--NOME PESSOAL
Nome pessoal Abreu, João Capistrano de
240 10 - TÍTULO UNIFORME
Título uniforme Capítulo de história colonial
Idioma da obra por
245 10 - TÍTULO
Título Capítulo de história colonial
300 ## - DESCRIÇÃO FÍSICA
Extensão 121
697 ## - ENTRADA DE ASSUNTO LOCAL--ENTIDADE COLETIVA (RLIN)
Nome corporativo ou nome da jurisdição LITERATURA GERAL
942 ## - ELEMENTOS DE ENTRADA ADICIONADOS (KOHA)
Tipo de material Koha Livros
Holdings
Situação do descarte Situação das perdas Situação física Não pode ser emprestado Biblioteca de origem Biblioteca atual Data de aquisição Total de empréstimos Número de chamada completo Código de barras Data de último acesso Data do preço efetivo Tipo de material Koha
        Magnum Magnum 08/06/2024   869.01.90 MAG00075478 08/06/2024 08/06/2024 Livros